000 00387nam a22001697a 4500
005 20160630105232.0
008 160630b xxu||||| |||| 00| 0 eng d
020 _a978-81-906919-4-9
041 _aeng
082 _b13056
100 _aGupta, J B
_93167
245 _aBasic Electronics
260 _bKatson
_c2012
300 _a519
650 _aDiploma Engineering
_9817
942 _cBK
999 _c4862
_d4860